00334nam a2200133 450000500170000000700040001700800040002104000090002505000230003424500550005726000490011230000120016165000270017320150525155956.0000000 aUOEL aQA76.76b.I57 1987 aPagemaker installation guide : bfor use with PC / aSouth Seattle ;bAldus Corporation ,cc1986. a38 p. : aPagemakerxMathematics